000 00667nam a2200277Ia 4500
005 20260324143009.0
008 008 260324s9999 xx 000 0 eng d
020 _a9781003070542
037 _aEBOOK
040 _aCRL
040 _beng
040 _cCRL
041 _2eng
041 _aeng
084 _qCRL
100 _aSteven Woodley; James Kay
_91214019
245 0 _aEcological Integrity and the Management of Ecosystems
260 _bTaylor and Francis
260 _c1993
365 _a
365 _b370
856 _uhttp://www.taylorfrancis.com/books/9781003070542
942 _cEBOOK
999 _c1818869
_d1818869